| 000 | 00884nam a22002897a 4500 | ||
|---|---|---|---|
| 001 | 9176 | ||
| 003 | FISKH | ||
| 005 | 20251127094756.0 | ||
| 008 | 251127b cb ||||| |||| 00| 0 eng d | ||
| 020 | _a9780545855327 | ||
| 040 |
_aFISKH _beng _cFISKH _dFISKH |
||
| 050 | _aPZ7 | ||
| 082 | _a428.6 | ||
| 100 |
_aFeldman, Thea _eAuthor |
||
| 245 |
_aWhat was that? / _cBy Thea Feldman ; Illustrations by Clare Elsom |
||
| 260 |
_aNew York : _bScholastic Inc. , _c2016 |
||
| 300 |
_a15 unnumbered pages : _bcolor illustrations ; _c19 cm |
||
| 490 |
_aPuppy pals phonics : _vBook 6 |
||
| 505 | _aE | ||
| 520 | _awh- words in this book : wham whap what when where whew whirl whiskers whispers who whoosh | ||
| 521 | 8 |
_a300
_bLexile |
|
| 521 | 8 |
_aE
_bRaz-Plus |
|
| 650 |
_aWh-words _vChildren |
||
| 700 |
_aElsom, Clare _eIllustrator |
||
| 942 |
_2ddc _cBK _n0 |
||
| 999 |
_c9176 _d9176 |
||